000
00227nam a22000857a 4500
008
170613b xxu||||| |||| 00| 0 eng d
100
_9
3370
_a
Aggarwal. k
245
_a
English Course with activities
260
_a
New Delhi
_b
Parchi
_c
2010
999
_c
6707
_d
6707